[Liquidació del pressupost] Liquidación del presupuesto ordinario ejercicio 1987
Descripción Física:
5 v. ; 30 cm
MARC
| LEADER | 00000nam a2200000Ia 4500 | ||
|---|---|---|---|
| 001 | 17783, 19226, 19227, 19228, 19229 | ||
| 008 | 160829s9999 xx 000 0 cat d | ||
| 080 | |a Pressupostos | ||
| 110 | 1 | |a Barcelona (Catalunya : Província). |b Diputació |9 52408 | |
| 245 | |a [Liquidació del pressupost] Liquidación del presupuesto ordinario ejercicio 1987 | ||
| 260 | |a [Barcelona] : |b Diputació de Barcelona, Intervenció, [s.a.] 1987 | ||
| 300 | |a 5 v. ; |c 30 cm | ||
| 590 | |a En castellà. | ||
| 590 | |a Els volums 2, 3, 4 i 5 són el resum i l'estat de despeses. | ||
| 610 | 1 | 0 | |a Barcelona (Catalunya : Província). |b Diputació |x Assignacions pressupostàries i despeses |9 53789 |
| 650 | |a Finances públiques |x Barcelona (Província) |9 36756 | ||
| 650 | |a Despeses públiques |x Barcelona (Província) |9 38245 | ||
| 710 | 1 | |a Barcelona (Catalunya : Província). |b Servei d'Intervenció |9 55057 | |
| 901 | |a Arxiu | ||
| 942 | |n 1 | ||
| 952 | |0 0 |1 0 |4 0 |6 PRESSUPOSTOS |7 1 |9 44047 |a Arxiu |b Arxiu |d 2016-12-01 |l 0 |o Pressupostos |p 17783, 19226, 19227, |r 2016-12-01 00:00:00 |w 2016-12-01 |y ARXIU | ||
| 999 | |c 46627 |d 46627 | ||